La gran titulación : ciencia y sociedad en Oriente y Occidente /
Tallennettuna:
| Päätekijä: | |
|---|---|
| Muut tekijät: | , |
| Aineistotyyppi: | Kirja |
| Kieli: | espanja |
| Julkaistu: |
Madrid, España :
Alianza,
1977, c1977
|
| Tagit: |
Ei tageja, Lisää ensimmäinen tagi!
|
MARC
| LEADER | 00000nam^a2200000^a^4500 | ||
|---|---|---|---|
| 001 | 000452247 | ||
| 005 | 20250521000000.0 | ||
| 009 | 20260310123832.907 | ||
| 020 | |a 84-206-2179-X | ||
| 037 | |a Acervo Xavier Clavigero | ||
| 041 | |a ESP | ||
| 091 | |a FCA. 04079 | ||
| 100 | |a Needham, Joseph |e (autor) | ||
| 245 | 1 | 3 | |a La gran titulación : |b ciencia y sociedad en Oriente y Occidente / |
| 264 | 4 | |a Madrid, España : |b Alianza, |c 1977, c1977 | |
| 300 | |a 350 p. | ||
| 336 | |a texto |b txt |2 rdacontenido | ||
| 337 | |a sin mediación |b n |2 rdamedio | ||
| 338 | |a volumen |b nc |2 rdasoporte | ||
| 649 | |a XX | ||
| 700 | |a Martínez Silvestre, Rosa |e (traducción) | ||
| 700 | |a Torre Casas, María Teresa de la |e (traducción) | ||
| 910 | |a Fondo Xavier Cacho Vázquez S.J. | ||
| 920 | |a Impresos - Libros | ||
| 930 | |a Fondos Especiales | ||
| 905 | |a 131 | ||
| 901 | |a 0500325462 |b IT2 |c ESP |i D6366 |u 20250521 | ||
| 902 | |a https://opac.biblio.iteso.mx/vufind/Record/000452247 | ||